header

Fusion / integrated reading and writing ; book 2 (Record no. 256759)

MARC details
000 -LEADER
fixed length control field 00518nam a22001937a 4500
003 - CONTROL NUMBER IDENTIFIER
control field OSt
005 - DATE AND TIME OF LATEST TRANSACTION
control field 20180823103459.0
008 - FIXED-LENGTH DATA ELEMENTS--GENERAL INFORMATION
fixed length control field 180521b xxu||||| |||| 00| 0 eng d
010 ## - LIBRARY OF CONGRESS CONTROL NUMBER
LC control number 2011942007
020 ## - INTERNATIONAL STANDARD BOOK NUMBER
International Standard Book Number 139781133312499
International Standard Book Number 101133312497
040 ## - CATALOGING SOURCE
Transcribing agency N/A
050 ## - LIBRARY OF CONGRESS CALL NUMBER
Classification number PR9199.K46 2013
100 ## - MAIN ENTRY--PERSONAL NAME
Personal name Dave Kemper, Verne Meyer & John Van Rys.
245 ## - TITLE STATEMENT
Title Fusion / integrated reading and writing ; book 2
250 ## - EDITION STATEMENT
Edition statement 3rd edition
260 ## - PUBLICATION, DISTRIBUTION, ETC. (IMPRINT)
Place of publication, distribution, etc Boston, MA :
Name of publisher, distributor, etc Cengage,
Date of publication, distribution, etc 2018.
942 ## - ADDED ENTRY ELEMENTS (KOHA)
Source of classification or shelving scheme Library of Congress Classification
Koha item type Long Loan Books
Holdings
Withdrawn status Lost status Source of classification or shelving scheme Damaged status Not for loan Collection code Home library Current library Shelving location Date acquired Total Checkouts Full call number Barcode Date last seen Price effective from Koha item type
    Library of Congress Classification     Non-fiction Rongo University Library Rongo University Library General Stacks 21/05/2018   PR9199.K46 2013 201617361 21/05/2018 21/05/2018 Long Loan Books
    Library of Congress Classification     Non-fiction Rongo University Library Rongo University Library General Stacks 23/08/2018   PR9199.K46 2013 201610496 23/08/2018 23/08/2018 Long Loan Books

© 2026 Rongo University
Contact us: librarian | system librarian | Rongo university